000 00596nam a22002057a 4500
005 20250530112150.0
008 250419b |||||||| |||| 00| 0 eng d
020 _a9780198894261
040 _cSDCL
041 _2eng
_aeng
084 _aV2:24'P R4
245 _aOxford handbook of Indian politics
260 _aNew York :
_bOxford University Press,
_c2024.
300 _axxv,640p.
650 _aPolitical Science / Constitutions
_9811122
650 _aPolitical Ideologies / Democracy
_9811123
700 _aGanguly, Sumit
700 _aSridharan, Eswaran
_9811124
942 _2CC
_cTEXL
999 _c1309215
_d1309215